Every Country of Europe, Backwards - Statistics

General Stats
  • This quiz has been taken 6 times
  • The average score is 14 of 45
Answer Stats
Answer % Correct
ainablA
75%
dnalecI
75%
dnalerI
75%
ecnarF
75%
kramneD
75%
muigleB
75%
niapS
75%
ainotsE
50%
aitaorC
50%
aivtaL
50%
arrodnA
50%
avodloM
50%
dnalniF
50%
dnaloP
50%
eceerG
50%
lagutroP
50%
nedewS
50%
yawroN
50%
ylatI
50%
aibreS
25%
ainamoR
25%
ainauhtiL
25%
airtsuA
25%
aissuR
25%
eniarkU
25%
modgniK detinU
25%
ocanoM
25%
ovosoK
25%
sdnalrehteN
25%
suraleB
25%
ynamreG
25%
aikavolS
0%
ainevolS
0%
ainodecaM htroN
0%
airagluB
0%
anivogezreH dna ainsoB
0%
atlaM
0%
cilbupeR hcezC
0%
dnalreztiwS
0%
gruobmexuL
0%
nietsnehcteiL
0%
oniraM naS
0%
orgenetnoM
0%
yragnuH
0%
ytiC nacitaV
0%
No matching quizzes found
Score Distribution
Percent of People with Each Score
Percentile by Number Answered
Your Score History
You have not taken this quiz